000 00658nam a2200253Ia 4500
003 OSt
005 20221006151145.0
006 a|||||r|||| 00| 0
007 ta
008 221006b |||||||| |||| 00| 0 jpn d
024 _a21,138
037 _bGift, Japan Foundation
_cTextual
040 _aEASL
_cEASL
_bjpn
041 _2jpn
_ajpn
082 _a1008337
100 _aNAGAI Michio
_9495332
245 0 _aNihon no daigaku
260 _aTokyo
_bChuko Bunko Japan
_c1965
300 _a185p.
_ccm.
490 _v JL
650 _aJL
942 _h1008337
_cTEXL
_2CC
999 _c1089224
_d1089224